<?xml version="1.0" encoding="UTF-8"?>
<record
    xmlns:xsi="http://www.w3.org/2001/XMLSchema-instance"
    xsi:schemaLocation="http://www.loc.gov/MARC21/slim http://www.loc.gov/standards/marcxml/schema/MARC21slim.xsd"
    xmlns="http://www.loc.gov/MARC21/slim">

  <leader>01813cam a2200289   4500500</leader>
  <controlfield tag="005">20260329004624.0</controlfield>
  <datafield tag="041" ind1=" " ind2=" ">
    <subfield code="a">fre</subfield>
  </datafield>
  <datafield tag="042" ind1=" " ind2=" ">
    <subfield code="a">dc</subfield>
  </datafield>
  <datafield tag="100" ind1="1" ind2="0">
    <subfield code="a">Boyer, Pierre-Louis</subfield>
    <subfield code="e">author</subfield>
  </datafield>
  <datafield tag="245" ind1="0" ind2="0">
    <subfield code="a">Gustave Thibon, Josef Pieper et Gabriel Marcel, ap&#xF4;tres de l&#x2019;esp&#xE9;rance</subfield>
  </datafield>
  <datafield tag="260" ind1=" " ind2=" ">
    <subfield code="c">2025.
							</subfield>
  </datafield>
  <datafield tag="500" ind1=" " ind2=" ">
    <subfield code="a">38</subfield>
  </datafield>
  <datafield tag="520" ind1=" " ind2=" ">
    <subfield code="a">En plein si&#xE8;cle de la d&#xE9;sesp&#xE9;rance, trois philosophes, de trois mani&#xE8;res diff&#xE9;rentes, ont trait&#xE9; de la vertu d&#x2019;Esp&#xE9;rance que le pape Fran&#xE7;ois a &#xE9;rig&#xE9;e comme vertu centrale de l&#x2019;ann&#xE9;e Jubilaire 2025. Ces trois penseurs (Gustave Thibon, Josef Pieper et Gabriel Marcel) ont soulign&#xE9; les &#xE9;l&#xE9;ments fondamentaux de cette vertu n&#xE9;cessaire au p&#xE8;lerin terrestre, &#xE0; l&#x2019;homo viator, qu&#x2019;est le chr&#xE9;tien dans ses tribulations mondaines en vue de la fin esp&#xE9;r&#xE9;e&#xA0;: la B&#xE9;atitude.</subfield>
  </datafield>
  <datafield tag="520" ind1=" " ind2=" ">
    <subfield code="a">In the midst of the century of despair, three philosophers, in three different ways, have thought about the virtue of Hope. In this year 2025, Pope Francis has erected Hope as the central virtue of the Jubilee. These three thinkers (Gustave Thibon, Josef Pieper and Gabriel Marcel) underlined the fundamental elements of this virtue of Hope necessary to the earthly pilgrim, the homo viator, that is the Christian in his worldly tribulations in view of the hoped-for end: Beatitude.</subfield>
  </datafield>
  <datafield tag="690" ind1=" " ind2=" ">
    <subfield code="a">Anthropologie chr&#xE9;tienne</subfield>
  </datafield>
  <datafield tag="690" ind1=" " ind2=" ">
    <subfield code="a">B&#xE9;atitude</subfield>
  </datafield>
  <datafield tag="690" ind1=" " ind2=" ">
    <subfield code="a">Communion</subfield>
  </datafield>
  <datafield tag="690" ind1=" " ind2=" ">
    <subfield code="a">D&#xE9;sespoir</subfield>
  </datafield>
  <datafield tag="690" ind1=" " ind2=" ">
    <subfield code="a">Esp&#xE9;rance</subfield>
  </datafield>
  <datafield tag="690" ind1=" " ind2=" ">
    <subfield code="a">Beatitude</subfield>
  </datafield>
  <datafield tag="690" ind1=" " ind2=" ">
    <subfield code="a">Christian Anthropology</subfield>
  </datafield>
  <datafield tag="690" ind1=" " ind2=" ">
    <subfield code="a">Communion</subfield>
  </datafield>
  <datafield tag="690" ind1=" " ind2=" ">
    <subfield code="a">Despair</subfield>
  </datafield>
  <datafield tag="690" ind1=" " ind2=" ">
    <subfield code="a">Hope</subfield>
  </datafield>
  <datafield tag="786" ind1="0" ind2=" ">
    <subfield code="n">Nouvelle revue th&#xE9;ologique | 147 | 3 | 2025-06-02 | p. 415-432 | 0029-4845</subfield>
  </datafield>
  <datafield tag="856" ind1="4" ind2="1">
    <subfield code="u">https://shs.cairn.info/revue-nouvelle-revue-theologique-2025-3-page-415?lang=fr&amp;redirect-ssocas=7080</subfield>
  </datafield>
  <datafield tag="999" ind1=" " ind2=" ">
    <subfield code="c">1835751</subfield>
    <subfield code="d">1835751</subfield>
  </datafield>
</record>
